MARC details
| 000 -CABECERA |
| campo de control de longitud fija |
01517cam a2200265 a 4500 |
| 001 - NÚMERO DE CONTROL |
| campo de control |
000010229 |
| 005 - FECHA Y HORA DE LA ÚLTIMA TRANSACCIÓN |
| campo de control |
20240625135917.0 |
| 008 - DATOS DE LONGITUD FIJA--INFORMACIÓN GENERAL |
| campo de control de longitud fija |
960305s1995 ve 000 p spa |
| 020 ## - NÚMERO INTERNACIONAL ESTÁNDAR DEL LIBRO |
| Número Internacional Estándar del Libro |
9803450484 |
| 035 ## - NÚMERO DE CONTROL DEL SISTEMA |
| Número de control de sistema |
(DLC) 96121602 |
| 040 ## - FUENTE DE LA CATALOGACIÓN |
| Centro catalogador/agencia de origen |
DO-SdBNP |
| Centro/agencia transcriptor |
DLC |
| Centro/agencia modificador |
DLC |
| -- |
BNPHU |
| 082 ## - NÚMERO DE LA CLASIFICACIÓN DECIMAL DEWEY |
| Número de clasificación |
Cu861.44 |
| Número de documento/Ítem |
P745p |
| 049 ## - FONDOS LOCALES (OCLC) |
| Fondos de biblioteca |
BNGR |
| 245 00 - MENCIÓN DE TÍTULO |
| Título |
Poetas cubanos actuales / |
| Mención de responsabilidad, etc. |
selección, prólogo y notas, Daniuska González. |
| 260 ## - PUBLICACIÓN, DISTRIBUCIÓN, ETC. |
| Lugar de publicación, distribución, etc. |
Miranda, Venezuela : |
| Nombre del editor, distribuidor, etc. |
Ateneo de Los Teques : |
| -- |
Colegio Universitario de Los Teques "Cecilio Acosta" : |
| -- |
Ateneo de Petare, |
| Fecha de publicación, distribución, etc. |
[1995]. |
| 300 ## - DESCRIPCIÓN FÍSICA |
| Extensión |
136 p. ; |
| Dimensiones |
20 cm. |
| 490 1# - MENCIÓN DE SERIE |
| Mención de serie |
Ateneo de Los Teques |
| Designación de volumen o secuencia |
25 |
| 520 1# - SUMARIO, ETC. |
| Sumario, etc. |
En esta antología, Confeccionada para el público venezolano, la actualidad de la poesía cubana no Excluye un Establecidos los poetas, como Dulce María Loynaz, Cintio Vitier, Fina García-Marruz, Miguel Barnet. Poetas actuales Aquellos que todos son VIVEN Y sin importar Mantienen una obra sistemática 'su Reconocimiento o no. " La antología no Persigue AGRUPAR A LOS Diferentes poetas Ni a sus respectivas estéticas, si bien la nota introductoria advierte al lector de estas diferencias "- Handbook of Latin American Studies, v. 58. |
| 650 #4 - PUNTO DE ACCESO ADICIONAL DE MATERIA--TÉRMINO DE MATERIA |
| Término de materia o nombre geográfico como elemento de entrada |
Poesía cubana |
| Subdivisión general |
Crítica e interpretación |
| 9 (RLIN) |
19776 |
| 650 #4 - PUNTO DE ACCESO ADICIONAL DE MATERIA--TÉRMINO DE MATERIA |
| Término de materia o nombre geográfico como elemento de entrada |
Poetas cubanos |
| Subdivisión cronológica |
SIGLO XX |
| 9 (RLIN) |
25234 |
| 650 #4 - PUNTO DE ACCESO ADICIONAL DE MATERIA--TÉRMINO DE MATERIA |
| Término de materia o nombre geográfico como elemento de entrada |
Literatura cubana |
| Subdivisión general |
Crítica e interpretación |
| Subdivisión cronológica |
SIGLO XX |
| 9 (RLIN) |
25235 |
| 700 1# - PUNTO DE ACCESO ADICIONAL--NOMBRE DE PERSONA |
| Nombre de persona |
González, Daniuska, |
| Fechas asociadas al nombre |
1967- |
| 9 (RLIN) |
13702 |
| 830 #0 - PUNTO DE ACCESO ADICIONAL DE SERIE-TÍTULO UNIFORME |
| Título uniforme |
Ateneo de Los Teques ; |
| Designación de volumen o secuencia |
25 |
| 9 (RLIN) |
20903 |
| 910 ## - DATOS DE OPCIÓN DEL USUARIO (OCLC) |
| Datos de opción del usuario |
Catalogación por copia / LC |